[Event "Rivera Huila Hernandez Memorial-B"]
[Site "Rivera Huila"]
[Date "2023.07.22"]
[Round "4"]
[White "Vargas Diaz, David Alejandro"]
[Black "Susunaga Duran, Madelen Fernanda"]
[Result "0-1"]
[WhiteElo "1767"]
[BlackElo "1197"]
[PlyCount "52"]
[EventDate "2023.07.20"]
[EventType "swiss"]
[EventRounds "7"]
[EventCountry "COL"]
[SourceTitle "CBM 215 Extra"]
[Source "ChessBase"]
[SourceDate "2023.09.30"]
[SourceVersion "1"]
[SourceVersionDate "2023.09.30"]
[SourceQuality "1"]

1. c4 Nf6 2. Nf3 g6 3. g3 Bg7 4. Bg2 d6 5. Nc3 Nbd7 6. d4 0-0 7. 0-0 Re8 8. e4 e5 9. d5 Nc5 10. Re1 a5 11. h3 Bd7 12. Kh2 h6 13. Ng1 Nh7 14. Be3 f5 15. Qd2 fxe4 16. Bxh6 Qf6 17. Bxg7 Kxg7 18. Nxe4 Nxe4 19. Bxe4 Ng5 20. Bg2 Rh8 21. f4 Nxh3 22. Nxh3 Bxh3 23. Bxh3 Qf5 24. g4 Qxg4 25. Re3 Qxf4+ 26. Kg2 Rxh3 0-1

[Event "Bogota Excalibur op"]
[Site "Bogota"]
[Date "2022.03.21"]
[Round "7"]
[White "Vargas Diaz, David Alejandro"]
[Black "Ramos Ortiz, Carlos Alberto"]
[Result "1-0"]
[WhiteElo "1796"]
[BlackElo "1576"]
[PlyCount "67"]
[EventDate "2022.03.18"]
[EventType "swiss"]
[EventRounds "7"]
[EventCountry "COL"]
[SourceTitle "CBM 207 Extra"]
[Source "ChessBase"]
[SourceDate "2022.05.31"]
[SourceVersion "1"]
[SourceVersionDate "2022.05.31"]
[SourceQuality "1"]

1. c4 d6 2. Nc3 e5 3. e3 f5 4. d4 Be7 5. g3 Nf6 6. h4 c6 7. Nf3 e4 8. Ng1 d5 9. Nh3 Be6 10. Nf4 Bf7 11. c5 b6 12. b4 a5 13. b5 bxc5 14. bxc6 c4 15. Qa4 0-0 16. h5 Qc7 17. Bh3 Qxc6 18. Bxf5 Bb4 19. Qc2 Na6 20. a3 Bd6 21. Be6 Bxf4 22. Bxf7+ Rxf7 23. gxf4 Ne8 24. Rb1 Nd6 25. Qe2 Nf5 26. Qg4 Rb8 27. Rxb8+ Nxb8 28. Qg5 Ne7 29. h6 g6 30. a4 Na6 31. Ba3 Nb4 32. Kd2 Qf6 33. Qg4 Qc6 34. Rb1 1-0

[Event "COL-ch U2000"]
[Site "Pereira"]
[Date "2022.02.18"]
[Round "4"]
[White "Guzman, River"]
[Black "Vargas Diaz, David Alejandro"]
[Result "0-1"]
[WhiteElo "1745"]
[BlackElo "1843"]
[PlyCount "78"]
[EventDate "2022.02.16"]
[EventType "swiss"]
[EventRounds "9"]
[EventCountry "COL"]
[SourceTitle "CBM 207 Extra"]
[Source "ChessBase"]
[SourceDate "2022.05.31"]
[SourceVersion "1"]
[SourceVersionDate "2022.05.31"]
[SourceQuality "1"]

1. e4 c5 2. Nf3 e6 3. g3 Ne7 4. Nc3 a6 5. a4 Ng6 6. Bg2 Qc7 7. d4 cxd4 8. Nxd4 h5 9. h4 Nc6 10. 0-0 Nce5 11. Nde2 Ng4 12. Nf4 N6e5 13. Qe2 b6 14. f3 Bc5+ 15. Kh1 Nf6 16. Nd3 Nxd3 17. Qxd3 Qxg3 18. Be3 Qxh4+ 19. Kg1 Qg5 20. f4 Bxe3+ 21. Qxe3 Ng4 22. Qxb6 Qh4 23. Rf3 Qh2+ 24. Kf1 Qh4 25. Ke2 Qd8 26. Qd4 f6 27. Rh3 Qc7 28. Rf1 Rb8 29. b3 Bb7 30. Qd2 f5 31. Bf3 Rc8 32. Bxg4 fxg4 33. Rd3 h4 34. f5 Rh5 35. fxe6 dxe6 36. Kd1 Rc5 37. Qf2 Qe7 38. Qd2 h3 39. Rf4 Qh4 0-1

[Event "COL Subzt 2.3.4"]
[Site "Risarald"]
[Date "2021.11.26"]
[Round "6"]
[White "Ospina Castro, Santiago"]
[Black "Vargas Diaz, David Alejandro"]
[Result "1-0"]
[WhiteElo "2052"]
[BlackElo "1850"]
[PlyCount "55"]
[EventDate "2021.11.23"]
[EventType "swiss"]
[EventRounds "9"]
[EventCountry "COL"]
[SourceTitle "CBM 205 Extra"]
[Source "ChessBase"]
[SourceDate "2022.01.31"]
[SourceVersion "1"]
[SourceVersionDate "2022.01.31"]
[SourceQuality "1"]

1. e4 c5 2. Nf3 e6 3. d4 cxd4 4. Nxd4 a6 5. Nc3 Qc7 6. Be2 Nf6 7. 0-0 h5 8. Be3 Bc5 9. Qd3 Ng4 10. Bxg4 hxg4 11. f4 gxf3 12. Nxf3 b5 13. e5 d5 14. Ne2 Nd7 15. c3 Bb7 16. Bd4 Be7 17. Qe3 Nf8 18. Qf4 f6 19. exf6 Qxf4 20. fxg7 Qxd4+ 21. Nexd4 Rg8 22. gxf8Q+ Bxf8 23. Nxe6 Bd6 24. Nfd4 Rg4 25. h3 Re4 26. Ng5 Re7 27. Rae1 0-0-0 28. Nf7 1-0

[Event "COL Subzt 2.3.4"]
[Site "Risarald"]
[Date "2021.11.25"]
[Round "4"]
[White "Tobar Beltran, Jorge Esteban"]
[Black "Vargas Diaz, David Alejandro"]
[Result "1-0"]
[WhiteElo "2046"]
[BlackElo "1850"]
[PlyCount "93"]
[EventDate "2021.11.23"]
[EventType "swiss"]
[EventRounds "9"]
[EventCountry "COL"]
[SourceTitle "CBM 205 Extra"]
[Source "ChessBase"]
[SourceDate "2022.01.31"]
[SourceVersion "1"]
[SourceVersionDate "2022.01.31"]
[SourceQuality "1"]

1. d4 Nf6 2. Bg5 c5 3. d5 Ne4 4. Bf4 d6 5. f3 Nf6 6. e4 a6 7. a4 g6 8. Ne2 Bg7 9. Nec3 Nbd7 10. Nd2 0-0 11. Be2 Rb8 12. a5 b5 13. axb6 Rxb6 14. Nc4 Rb8 15. Qc1 Re8 16. 0-0 Ra8 17. Na4 Nh5 18. Be3 Qc7 19. f4 Nhf6 20. Bf3 Rb8 21. Bd2 Rb5 22. Qe1 e6 23. e5 dxe5 24. d6 Qa7 25. Nc3 Rb4 26. Nxe5 Bb7 27. Bc6 Bxc6 28. Nxc6 Qb6 29. Nxb4 cxb4+ 30. Be3 Qxd6 31. Na4 Nd5 32. Rd1 Qc6 33. Bd4 N7f6 34. c4 Qxc4 35. Nb6 Nxb6 36. Bxb6 Nd5 37. Qf2 Nxb6 38. Qxb6 Bxb2 39. Rf3 Bf6 40. f5 Kg7 41. fxg6 hxg6 42. Qf2 Qh4 43. g3 Qg5 44. h4 Qe5 45. Rf1 Be7 46. Rxf7+ Kg8 47. Rxe7 1-0

[Event "COL Subzt 2.3.4"]
[Site "Risarald"]
[Date "2021.11.23"]
[Round "1"]
[White "Vargas Diaz, David Alejandro"]
[Black "Manrique Bermudez, Josue"]
[Result "1-0"]
[WhiteElo "1850"]
[BlackElo "1352"]
[PlyCount "99"]
[EventDate "2021.11.23"]
[EventType "swiss"]
[EventRounds "9"]
[EventCountry "COL"]
[SourceTitle "CBM 205 Extra"]
[Source "ChessBase"]
[SourceDate "2022.01.31"]
[SourceVersion "1"]
[SourceVersionDate "2022.01.31"]
[SourceQuality "1"]

1. c4 e5 2. a3 Nf6 3. e3 Be7 4. Nc3 0-0 5. Qc2 d5 6. cxd5 Nxd5 7. Nf3 Nxc3 8. bxc3 Nc6 9. d4 exd4 10. cxd4 Be6 11. Be2 Qd7 12. Bb2 Rad8 13. 0-0 Bf6 14. Rfd1 Bf5 15. e4 Bg6 16. d5 Ne7 17. Bxf6 gxf6 18. Rab1 c6 19. dxc6 Qxc6 20. Qb2 Bxe4 21. Nd4 Qd5 22. Nf3 Qf5 23. Rbc1 Rxd1+ 24. Rxd1 Rc8 25. Qd4 Nc6 26. Qe3 Qe6 27. Nd2 Re8 28. Nc4 Bg6 29. Bf3 Qxe3 30. fxe3 Rd8 31. Nd6 Na5 32. h4 h5 33. e4 b6 34. Kf2 Nc6 35. Ke3 Ne5 36. Be2 Kf8 37. Ba6 Rd7 38. Rd5 Rc7 39. Nb5 Re7 40. Rd8+ Kg7 41. Nd6 Rd7 42. Ne8+ Kf8 43. Ra8 Ke7 44. Bb5 Rb7 45. Kd4 Bh7 46. Kd5 Bg6 47. Nd6 Bxe4+ 48. Nxe4 Nd7 49. Nd6 Rb8 50. Rxa7 1-0

[Event "Tunja Boyaca op-B"]
[Site "Tunja"]
[Date "2019.08.02"]
[Round "4"]
[White "Nino Montanez, Juan Carlos"]
[Black "Vargas Diaz, David Alejandro"]
[Result "0-1"]
[WhiteElo "1492"]
[BlackElo "1851"]
[PlyCount "98"]
[EventDate "2019.07.31"]
[EventType "swiss"]
[EventRounds "9"]
[EventCountry "COL"]
[SourceTitle "EXT 2020"]
[Source "ChessBase"]
[SourceDate "2019.10.17"]
[SourceVersion "1"]
[SourceVersionDate "2019.10.17"]
[SourceQuality "1"]

1. e4 c5 2. Nf3 e6 3. c3 d5 4. exd5 exd5 5. d4 h6 6. Be2 Nf6 7. h3 Bd6 8. 0-0 0-0 9. Be3 cxd4 10. Bxd4 Be6 11. Re1 Nc6 12. Nbd2 Bc7 13. Nf1 Ne4 14. Bd3 Nd6 15. b4 Nf5 16. Bxf5 Bxf5 17. Ng3 Bg6 18. Bc5 Qd7 19. Bxf8 Rxf8 20. a4 Qd6 21. b5 Na5 22. Qe2 Bb6 23. Qe5 Qc5 24. Qe3 Qc7 25. Qe5 Qc5 26. Qd4 Qc7 27. Qe5 Qd7 28. Rad1 Rd8 29. Qe7 Qc8 30. Qe5 Nc4 31. Qe7 Bc5 32. Qe2 Qc7 33. Nd4 Nb6 34. Ra1 Nd7 35. Rac1 Ba3 36. Ra1 Qxc3 37. Qe3 Bb2 38. Qe7 Qc7 39. Rad1 Qb6 40. Ngf5 Nf6 41. Qe2 Bc3 42. Rf1 Re8 43. Qd3 Bxd4 44. Nxh6+ gxh6 45. Qxd4 Qd6 46. f4 Be4 47. g4 b6 48. g5 hxg5 49. fxg5 Qg3# 0-1